000 00319nam a22001457a 4500
008 210305b ||||| |||| 00| 0 eng d
020 _a007233721
041 _aeng
080 _22nd
_a311
082 _22nd
_a311
100 _a55
101 _aSTA
245 _aPrimer of Biostatistics
_cGlantz,A.S
942 _2udc
_cBK
999 _c55866
_d55866